[Event "10th Open"]
[Site "Bad Zwesten GER"]
[Date "2006.01.08"]
[Round "9"]
[White "Armbrust,F"]
[Black "Schnabel,M"]
[Result "1/2-1/2"]
[WhiteElo "2280"]
[BlackElo "2130"]

1.e4 c5 2.Nc3 Nc6 3.Bb5 g6 4.Bxc6 dxc6 5.f4 Bg7 6.Nf3 Bg4 7.O-O Nf6 8.h3 Bxf3
9.Qxf3 Nd7 10.d3 O-O 11.f5 e6 12.Kh1 Qh4 13.Be3 exf5 14.exf5 Bd4 15.Ne4 Bxe3
16.Qxe3 Rae8 17.Rf4 Qh6 18.f6 Re5 19.Qg3 b6 20.Rh4 Rh5 21.Rxh5 Qxh5 22.Re1 Re8
23.Qf4 Re5 24.Kh2 Qf5 25.Qc1 Re6 26.Rf1 Qe5+ 27.Qf4 Qxf4+ 28.Rxf4 h6 29.h4 h5
30.Kh3 Kf8 31.g4 hxg4+ 32.Kxg4 Ne5+ 33.Kg5 Nd7 34.a3 Re5+ 35.Kg4 Re6 36.b4 cxb4
37.axb4 a5 38.bxa5 bxa5 39.Rf1 a4 40.h5 gxh5+ 41.Kxh5 a3 42.Kg5 Re5+ 43.Kf4 Re6
44.Kf5 Re5+ 45.Kg4 Re6 46.Kf5  1/2-1/2

[Event "TCh-BEL 2005-6"]
[Site "Belgium BEL"]
[Date "2006.01.08"]
[Round "6"]
[White "Motwani,P"]
[Black "Ikonnikov,Vy"]
[Result "0-1"]
[WhiteElo "2505"]
[BlackElo "2566"]

1.e4 c5 2.Nc3 Nc6 3.Bb5 Nd4 4.Nf3 e6 5.O-O a6 6.Bd3 Nxf3+ 7.Qxf3 Qc7 8.b3 Bd6
9.g3 Nf6 10.Bb2 Be5 11.Qe2 O-O 12.f4 Bd4+ 13.Kg2 b5 14.e5 Bb7+ 15.Kh3 Ne8
16.a4 b4 17.Nd1 Bxb2 18.Nxb2 f5 19.Nc4 a5 20.Rae1 Kh8 21.g4 g6 22.Rg1 Rf7
23.gxf5 exf5 24.Qf2 Bd5 25.Qh4 Rg7 26.Rg3 Qc6 27.e6 d6 28.e7 Bf3 29.Ne3 Qb7
30.Nxf5 gxf5 31.Rxg7 Kxg7 32.Qg5+ Kh8 33.Qxf5 Bg4+ 34.Qxg4 Qd5 35.Bc4 h5  0-1

[Event "TCh-BEL 2005-6"]
[Site "Belgium BEL"]
[Date "2006.01.08"]
[Round "6"]
[White "De Gueldre,P"]
[Black "Buhr,CC"]
[Result "1-0"]
[WhiteElo "2168"]
[BlackElo "2285"]

1.e4 c5 2.Nf3 Nc6 3.Nc3 d6 4.d4 cxd4 5.Nxd4 e6 6.Be2 Nf6 7.O-O Be7 8.Be3 O-O
9.f4 Qc7 10.Kh1 Bd7 11.a4 a6 12.Bg1 Rfe8 13.Nb3 b6 14.g4 Bc8 15.g5 Nd7 16.Bd3 g6
17.Qg4 Bf8 18.Rf3 Bg7 19.Qh4 Bb7 20.Rh3 Nf8 21.Qf2 Rab8 22.Qxb6 Qc8 23.Qe3 d5
24.Qf3 Bxc3 25.bxc3 e5 26.Nc5 exf4 27.Rh4 Ne5 28.Qxf4 Ne6 29.Nxe6 Rxe6 30.Bd4 Nxd3
31.cxd3 dxe4 32.Rxh7 exd3+ 33.Kg1 f6 34.Qh4 Re8 35.Rh8+ Kf7 36.Qh7+ Ke6 37.Rxe8+ Qxe8
38.Re1+ Kd6 39.Rxe8 Rxe8 40.Qh4  1-0

[Event "Winter Invitational"]
[Site "Chicago USA"]
[Date "2006.01.10"]
[Round "4"]
[White "Mitkov,N"]
[Black "Young,A PHI"]
[Result "1/2-1/2"]
[WhiteElo "2552"]
[BlackElo "2380"]

1.e4 c5 2.Nc3 Nc6 3.Nge2 d6 4.d4 cxd4 5.Nxd4 Nf6 6.Bc4 Qb6 7.Nde2 Qb4 8.Bd3 g6
9.O-O Bg7 10.a3 Qa5 11.Bd2 Qd8 12.Qc1 O-O 13.Bh6 Bxh6 14.Qxh6 Be6 15.Rad1 Qb6
16.Qc1 Ne5 17.h3 Rac8 18.Nf4 Nxd3 19.cxd3 Bb3 20.Rd2 e5 21.Nfe2 Rfd8 22.Qe1 d5
23.exd5 Bxd5 24.Ng3 Qd4 25.Qe3 Bc6 26.Re1 Qxe3 27.fxe3 Nd5 28.Nge4 Nb6 29.Nf2 f5
30.Rc2 Bb5 31.Rd2 Be8 32.Rdd1 Bf7 33.Rc1 a6 34.Kf1 h5 35.Ke2 Rd7 36.Nb1 Rcd8
37.Nd2 Kg7 38.h4 Bd5 39.g3 Bc6 40.Red1 Kf6 41.Nc4 Nxc4 42.dxc4 g5 43.Rxd7 Rxd7
44.hxg5+ Kxg5 45.b4 Kf6 46.Nd1 Kg5 47.Nf2 Kf6 48.Nd1 Rg7 49.Kf2 h4 50.gxh4 Rg2+
51.Kf1 Rh2 52.Nf2 Rxh4 53.Ke2 Rh2 54.Rb1 Be8 55.Kf3 Bc6+ 56.Ke2 Be8 57.Kf3 Bc6+
58.Ke2 Be4 59.Rc1 Ke6 60.a4 Kd6 61.a5 Bc6 62.Rd1+ Ke6 63.Rg1 f4 64.exf4 exf4
65.Rg5 Rg2 66.Rxg2 Bxg2 67.Nd3 Kf5 68.b5 axb5 69.cxb5 Bd5 70.a6 bxa6 71.bxa6  1/2-1/2

[Event "Winter Invitational"]
[Site "Chicago USA"]
[Date "2006.01.13"]
[Round "9"]
[White "Mitkov,N"]
[Black "Smetankin,S"]
[Result "1-0"]
[WhiteElo "2552"]
[BlackElo "2485"]

1.e4 c5 2.Nc3 Nc6 3.Bb5 g6 4.Bxc6 dxc6 5.d3 Bg7 6.Be3 b6 7.Qd2 e5 8.f4 exf4
9.Bxf4 Nf6 10.Nf3 Bg4 11.Ne5 O-O 12.O-O Be6 13.Nxc6 Qd7 14.Bg5 Nxe4 15.Nxe4 Qxc6
16.Nf6+ Kh8 17.Qf4 Bc8 18.Rae1 Bb7 19.Re4 c4 20.Qh4 h5 21.Rg4 cxd3 22.Nxh5 Qc5+
23.Rf2 gxh5 24.Qxh5+ Kg8 25.Bf6  1-0

[Event "TCh-AUT 2005-6"]
[Site "Austria AUT"]
[Date "2006.01.14"]
[Round "6"]
[White "Atlas,V"]
[Black "Horvath,Jo1"]
[Result "1/2-1/2"]
[WhiteElo "2480"]
[BlackElo "2525"]

1.e4 c5 2.Nf3 Nc6 3.Nc3 e5 4.Bc4 Be7 5.d3 d6 6.O-O Nf6 7.Ng5 O-O 8.f4 Bg4
9.Nf3 exf4 10.Bxf4 Nd4 11.Kh1 Qd7 12.Nd5 b5  1/2-1/2

[Event "TCh-CZE Extraliga 2005-6"]
[Site "Czech Rep CZE"]
[Date "2006.01.14"]
[Round "7"]
[White "Vymazal,B"]
[Black "Polak,T"]
[Result "1/2-1/2"]
[WhiteElo "2265"]
[BlackElo "2485"]

1.e4 c5 2.Nc3 Nc6 3.Bb5 Nd4 4.Bc4 e6 5.Nf3 Qc7 6.d3 a6 7.a4 Nf6 8.h3 b6 9.O-O Bb7
10.Nxd4 cxd4 11.Ne2 Nxe4 12.Nxd4 Nf6 13.Qe2 Bc5 14.Be3 O-O 15.c3 Rfe8 16.Nf3 Bd6
17.Rfc1 Nd5 18.Bxd5 Bxd5 19.c4 Bc6 20.Nd4 Bb7 21.Rab1 Bf8 22.b4 Rab8 23.b5 Bc5
24.bxa6 Bxa6 25.Nb5 Qc6 26.d4 Bf8 27.Bf4 Bb7  1/2-1/2

[Event "TCh-FIN 2005-6"]
[Site "Turku FIN"]
[Date "2006.01.14"]
[Round "6"]
[White "Keskinen,S"]
[Black "Hokkanen,P"]
[Result "1-0"]
[WhiteElo "2282"]
[BlackElo "2326"]

1.e4 c5 2.Nc3 Nc6 3.Bb5 d6 4.Bxc6+ bxc6 5.f4 Nf6 6.Nf3 g6 7.O-O Bg7 8.Qe1 O-O
9.d3 Rb8 10.Qh4 c4 11.f5 Rxb2 12.Bxb2 Qb6+ 13.d4 Qxb2 14.Qe1 Bh6 15.h3 Qxc2
16.Rf2 Qd3 17.Re2 Bf4 18.Rd1 Bg3 19.Qxg3 Qxc3 20.e5 Nh5 21.Qg5 Bxf5 22.Qh6 f6
23.exf6 e6 24.Ng5 Nxf6 25.Nxe6 Bxe6 26.Rxe6 d5 27.Re7 Rf7 28.Rxf7 Kxf7 29.Qf4 Qb4
30.Qc7+ Qe7 31.Qxc6 Qe3+ 32.Kh1 Kg7 33.Qd6 Ne4 34.Qe7+ Kh6 35.Qh4+ Kg7 36.Rb1 h5
37.Qe7+ Kh6 38.Qf8+ Kg5 39.Qd8+ Kh6 40.Qh8+ Kg5 41.Qe5+ Kh4 42.Kh2 c3 43.Rf1 g5
44.Rf3 Qd2 45.Qxd5  1-0

[Event "Open"]
[Site "Zagreb CRO"]
[Date "2006.01.14"]
[Round "1"]
[White "Brkic,A"]
[Black "Vukusic,M"]
[Result "1-0"]
[WhiteElo "2500"]
[BlackElo "2082"]

1.e4 c5 2.Nf3 Nc6 3.Nc3 d6 4.d4 cxd4 5.Nxd4 Nf6 6.Bg5 e6 7.Qd2 Be7 8.O-O-O O-O
9.f4 h6 10.Bh4 Qb6 11.Nf3 Rd8 12.Qe1 a6 13.h3 Nh5 14.Bxe7 Nxe7 15.g3 Bd7
16.Rg1 Qc5 17.Qd2 Bc6 18.Bd3 Nf6 19.Qe2 b5 20.Nb1 Rac8 21.Nbd2 Bb7 22.Kb1 d5
23.e5 Ne4 24.Nxe4 dxe4 25.Bxe4 Rxd1+ 26.Rxd1 Bxe4 27.Qxe4 Nf5 28.g4 Ne3 29.Rc1 Nc4
30.Qd4 Qc6 31.Ne1 a5 32.Nd3 a4 33.a3 Nd2+ 34.Ka2 Nf3 35.Qf2 Qd5+ 36.Kb1 Rc4
37.Rf1 Nd4 38.Nb4 Qe4 39.Rd1 g6 40.Qd2 Kh7 41.Qd3 Qxf4 42.Rf1 Qg5 43.Rxf7+ Kg8
44.Rd7 Nb3 45.cxb3 axb3 46.Rd8+ Kf7 47.Qd7+ Qe7 48.Qxe7+ Kxe7 49.Rd3 Re4
50.Nc6+ Ke8 51.Rxb3  1-0

[Event "4th Parsvnath Open"]
[Site "New Delhi IND"]
[Date "2006.01.15"]
[Round "2"]
[White "Fedorov,Alex"]
[Black "Rahman,Tai"]
[Result "1-0"]
[WhiteElo "2608"]
[BlackElo "2275"]

1.e4 c5 2.Nf3 Nc6 3.Nc3 e5 4.Bc4 Be7 5.d3 d6 6.O-O Nf6 7.Ng5 O-O 8.f4 Bg4
9.Qe1 exf4 10.Bxf4 Nd4 11.Qd2 h6 12.Nf3 Nxf3+ 13.gxf3 Bh3 14.Rfd1 Rc8 15.Bxh6 b5
16.Bxb5 Bd7 17.Qg2 Ne8 18.Bxd7 Qxd7 19.Nd5 Qe6 20.Be3 Bf6 21.c4 Rb8 22.Rd2 Rb7
23.Kh1 Nc7 24.Nxf6+ Qxf6 25.Rg1 Ne6 26.f4 Rfb8 27.f5 Nd4 28.Bg5  1-0

[Event "Open A"]
[Site "Prague CZE"]
[Date "2006.01.15"]
[Round "3"]
[White "Madan,A"]
[Black "Bores,R"]
[Result "1-0"]
[WhiteElo "2388"]
[BlackElo "2207"]

1.e4 c5 2.Nc3 Nc6 3.Bb5 Nd4 4.Bc4 g6 5.Nf3 Bg7 6.Nxd4 cxd4 7.Qf3 Nh6 8.Ne2 O-O
9.d3 e5 10.h4 d6 11.h5 g5 12.Qg3 Bf6 13.f4 Kh8 14.fxg5 Rg8 15.g6 Qf8 16.O-O Bg7
17.Bxh6 Bxh6 18.Rxf7 Be3+ 19.Qxe3 Qxf7 20.gxf7  1-0

[Event "4th Parsvnath Open"]
[Site "New Delhi IND"]
[Date "2006.01.16"]
[Round "3"]
[White "Sangma,R"]
[Black "Ramesh,R"]
[Result "0-1"]
[WhiteElo "2339"]
[BlackElo "2491"]

1.e4 c5 2.Nf3 Nc6 3.Nc3 d6 4.d4 cxd4 5.Nxd4 Nf6 6.Be3 Ng4 7.Bb5 Nxe3 8.fxe3 Bd7
9.O-O e6 10.Bxc6 bxc6 11.Qf3 Qf6 12.Qe2 Qd8 13.Qf3 Qf6 14.Qe2 Qg5 15.Rf3 Be7
16.Rg3 Qe5 17.Nf3 Qa5 18.Rxg7 Bf6 19.Rg3 Rb8 20.e5 Bxe5 21.Nxe5 Qxe5 22.Rb1 h5
23.e4 c5 24.b3 Ke7 25.Rd1 Rhg8 26.Re3 Rg6 27.Qa6 Rbg8 28.Re2 h4 29.Nd5+ exd5
30.exd5 Rxg2+ 31.Rxg2 Qe3+  0-1

[Event "4th Parsvnath Open"]
[Site "New Delhi IND"]
[Date "2006.01.17"]
[Round "4"]
[White "Murshed,N"]
[Black "Koshy,V"]
[Result "1/2-1/2"]
[WhiteElo "2460"]
[BlackElo "2316"]

1.e4 c5 2.Nf3 Nc6 3.Nc3 Nf6 4.Bb5 g6 5.O-O Bg7 6.d3 O-O 7.h3 Ne8 8.Be3 Nd4
9.Bc4 Nc7 10.Bxd4 cxd4 11.Ne2 e5 12.c3 d5 13.Bb3 dxc3 14.Nxc3 Be6 15.Rc1 Bh6
16.Rc2 dxe4 17.dxe4 Bxb3 18.axb3 f6 19.Qe2 Qe7 20.Qc4+ Kh8 21.h4 Rad8 22.h5 Rd7
23.hxg6 hxg6 24.g3 Kg7 25.Kg2 a6 26.Rh1 b5 27.Qe2 Rh8 28.Na2 Qd6 29.Qe1 Qb6
30.Qb4 Rb8 31.Qc5 Qxc5 32.Rxc5 Rb6 33.Nc3 Rbd6 34.Na2 Rd3 35.Rc3 a5 36.b4 a4
37.Rxd3 Rxd3 38.Re1 Kf7 39.Re2 Bf8 40.Rc2 Ne6 41.Nc3 Bxb4 42.Nxb5 Rb3 43.Nc7 Nd4
44.Nxd4 exd4 45.Nd5 d3 46.Rc7+ Ke6 47.Rc6+ Bd6 48.Kf3 f5 49.Nc3 Rxb2 50.exf5+ gxf5
51.Nxa4 Rc2 52.Rc3 Ra2 53.Nc5+ Bxc5 54.Rxc5 Ra3 55.Ke3 Ra2  1/2-1/2

[Event "4th Parsvnath Open"]
[Site "New Delhi IND"]
[Date "2006.01.17"]
[Round "4"]
[White "Ramesh,R"]
[Black "Roy Chowdhury,S"]
[Result "1-0"]
[WhiteElo "2491"]
[BlackElo "2393"]

1.e4 c5 2.Nf3 Nc6 3.Nc3 g6 4.d4 cxd4 5.Nxd4 Bg7 6.Be3 Nf6 7.Bc4 O-O 8.Bb3 Qa5
9.O-O d6 10.h3 Bd7 11.Re1 Rad8 12.Nf3 Bc8 13.Qe2 e6 14.Rad1 Ne8 15.Bg5 Rd7
16.Qe3 b5 17.Bh6 a6 18.Rd2 Qc7 19.Red1 Na5 20.h4 Bb7 21.Bxg7 Kxg7 22.h5 Nxb3
23.axb3 h6 24.hxg6 fxg6 25.Nd4 Re7 26.e5 d5 27.Nce2 Bc8 28.Rd3 Ref7 29.Rc3 Qd8
30.f3 Kh7 31.b4 Ng7 32.g4 a5 33.bxa5 b4 34.Rc5 Ba6 35.Ng3 h5 36.Kg2 Kg8 37.Qh6 Qb8
38.gxh5 gxh5 39.Nxe6 Nxe6 40.Qxe6 Bc8 41.Qd6 Qxd6 42.exd6 h4 43.Nh1 Rxf3
44.Rdxd5 Bb7 45.Rg5+ Kf7 46.Kh2 Rf1 47.Rc7+ Kf6 48.Rg1 Rxg1 49.Kxg1 Rg8+
50.Kh2 Be4 51.Rc4 Rg2+ 52.Kh3 Re2 53.Nf2 Bf5+ 54.Kg2 h3+ 55.Kf3 Rd2 56.a6 Rxd6
57.a7 Rd8 58.Rxb4 Ra8 59.Ra4 Bxc2 60.Ra6+ Ke5 61.Nxh3 Be4+ 62.Ke3 Bb7 63.Ra5+ Kd6
64.Nf4 Kc6 65.Nd5 Rh8 66.b4 Ba8 67.Kd4 Rh4+ 68.Kd3 Rh3+ 69.Kc4 Rh4+ 70.Kb3 Rh8
71.Ka4 Rh7 72.Nf6 Rh4 73.Ne4 Kb6 74.Nc5 Bc6+ 75.Kb3 Rh3+ 76.Kc2 Ba8 77.Na4+ Kb7
78.b5  1-0

[Event "Winter Cup"]
[Site "Bucharest ROM"]
[Date "2006.01.19"]
[Round "6"]
[White "Chirila,I"]
[Black "Hamitevici,V"]
[Result "1/2-1/2"]
[WhiteElo "2376"]
[BlackElo "2284"]

1.e4 c5 2.Nc3 Nc6 3.Nge2 e5 4.Nd5 d6 5.Nec3 Nf6 6.Nxf6+ Qxf6 7.Nd5 Qd8 8.Bc4 Be6
9.d3 Be7 10.O-O O-O 11.c3 Bxd5 12.Bxd5 Bg5 13.Qb3 Bxc1 14.Raxc1 Qb6 15.Qxb6 axb6
16.a3 g6 17.g3 Kg7 18.Ra1 b5 19.b4 Ra7 20.bxc5 dxc5 21.Rfb1 Ra5 22.Rb3 Ne7
23.Rab1 Nxd5 24.exd5 c4 25.dxc4 bxc4 26.Rxb7 Rxa3 27.Re1 Rxc3 28.Rxe5 Rd3
29.Rc7 c3 30.Re3 Rxd5 31.Rexc3 Rfd8 32.Rf3 R8d7 33.Rxd7 Rxd7  1/2-1/2

[Event "Jovenes Promesas"]
[Site "Malaga ESP"]
[Date "2006.01.19"]
[Round "3"]
[White "Gavilan Diaz,M"]
[Black "Hoffman,A"]
[Result "0-1"]
[WhiteElo "2161"]
[BlackElo "2461"]

1.e4 c5 2.Nc3 Nc6 3.Nge2 g6 4.d4 cxd4 5.Nxd4 Bg7 6.Be3 Nf6 7.Nxc6 bxc6 8.e5 Ng8
9.Bd4 Qa5 10.f4 Nh6 11.e6 f6 12.exd7+ Bxd7 13.Bc4 O-O-O 14.Qe2 e5 15.fxe5 fxe5
16.Bf2 Nf5 17.O-O Kb8 18.Ne4 Nd4 19.Qd3 Bf5 20.Rfe1 Ka8 21.c3 Ne6 22.Qe3 Qc7
23.b4 h5 24.Ng3 Nf4 25.b5 Bd3 26.Bxd3 Nxd3 27.Red1 Bh6 28.Qe2 Nxf2 29.Qxf2 cxb5
30.Rab1 Qxc3 31.Re1 Qc6 32.Qe2 Bd2 33.Red1 Bc3 34.Rxd8+ Rxd8 35.Rd1 Rxd1+
36.Qxd1 Bd4+ 37.Kf1 Qc4+ 38.Ne2 Qf7+ 39.Ke1 Bf2+ 40.Kd2 Qxa2+  0-1

[Event "4th Parsvnath Open"]
[Site "New Delhi IND"]
[Date "2006.01.19"]
[Round "7"]
[White "Tiwari,Ar"]
[Black "Bakre,T"]
[Result "1-0"]
[WhiteElo "2261"]
[BlackElo "2480"]

1.e4 c5 2.Nc3 Nc6 3.Bb5 Nd4 4.Bc4 g6 5.Nf3 Bg7 6.Nxd4 cxd4 7.Qf3 Nf6 8.Ne2 O-O
9.d3 Ng4 10.Bb3 d6 11.O-O Ne5 12.Qg3 Nc6 13.f4 Na5 14.f5 Nxb3 15.axb3 Qc7
16.Nf4 e6 17.Nh5 Be5 18.Bf4 exf5 19.Bxe5 dxe5 20.exf5 Kh8 21.fxg6 hxg6 22.Qh4  1-0

[Event "2nd Bundesliga West 2005-6"]
[Site "Austria AUT"]
[Date "2006.01.20"]
[Round "6"]
[White "Peterwagner,H"]
[Black "Herbrechtsmeier,C"]
[Result "1-0"]
[WhiteElo "2216"]
[BlackElo "2287"]

1.e4 c5 2.Nc3 Nc6 3.Nge2 g6 4.d4 cxd4 5.Nxd4 Bg7 6.Be3 Nf6 7.Be2 O-O 8.Nb3 a6
9.Qd2 b5 10.f3 d6 11.O-O-O Ne5 12.Bh6 Nc4 13.Qg5 Qb6 14.Rd3 Be6 15.g4 Qf2
16.Nd4 Rac8 17.Bxg7 Kxg7 18.h4 Rc5 19.Qf4 Bxg4 20.Rh2 Nh5 21.Rxf2 Nxf4 22.fxg4 Nxd3+
23.cxd3 Ne5 24.Kd2 e6 25.Rf1 Rfc8 26.a3 Rb8 27.Na2 Rbc8 28.Nb4 Ra8 29.Nb3 Rcc8
30.Na5 Nd7 31.d4 Rc7 32.Bd3 h6 33.Ra1 Nf6 34.Rg1 h5 35.g5 Ng4 36.Rf1 f5 37.exf5 gxf5
38.d5 exd5 39.Nxd5 Rc5 40.Nf4  1-0

[Event "TCh-BEL 2005-6"]
[Site "Belgium BEL"]
[Date "2006.01.21"]
[Round "7"]
[White "Saiboulatov,D"]
[Black "Maenhout,T"]
[Result "1-0"]
[WhiteElo "2403"]
[BlackElo "2303"]

1.e4 c5 2.Nf3 Nc6 3.Nc3 Nf6 4.Bb5 Qc7 5.O-O Nd4 6.Nxd4 cxd4 7.Nd5 Nxd5 8.exd5 Qc5
9.c4 a6 10.Ba4 Qxc4 11.Bb3 Qc7 12.Qf3 e6 13.d3 Bd6 14.h4 O-O 15.Bd2 e5 16.Rae1 f5
17.Rxe5 g6 18.Rfe1 b5 19.Bh6 Bb7 20.R5e2 Qd8 21.Bxf8 Kxf8 22.h5 Qh4 23.g3 Qh3
24.hxg6 hxg6 25.Re4  1-0

[Event "Winter Open"]
[Site "Belgrade SCG"]
[Date "2006.01.21"]
[Round "1"]
[White "Klasan,V"]
[Black "Rakocevic,M"]
[Result "1-0"]
[WhiteElo "2202"]
[BlackElo "1793"]

1.e4 c5 2.Nf3 Nc6 3.Nc3 e5 4.Bc4 h6 5.d3 Nf6 6.Nd2 d6 7.Nf1 a6 8.Ne3 b5 9.Bd5 Nxd5
10.Ncxd5 Ne7 11.Nxe7 Bxe7 12.a4 bxa4 13.Rxa4 Bg5 14.Nc4 Bxc1 15.Qxc1 O-O
16.O-O Be6 17.Qd2 Bxc4 18.dxc4 Qb6 19.b3 Qc6 20.f3 f5 21.exf5 Rxf5 22.Rd1 Rg5
23.Qxd6 Qxf3 24.Qd5+ Qxd5 25.Rxd5 e4 26.Rxg5 hxg5 27.Kf2 Kf7 28.Ra5 Rh8 29.Rxc5 Rxh2
30.Rxg5 Kf6 31.Rg4 Ke5 32.Rxg7 Kd4 33.Rg3 Rh1 34.Ke2 Rc1 35.c3+ Ke5 36.Kd2 Kf4
37.Rg8 Rb1 38.Rf8+ Ke5 39.b4 Rb2+ 40.Ke3 Rxg2 41.Re8+ Kf5 42.Rxe4 Rg3+ 43.Kd4 Rxc3
44.Re5+ Kf6 45.Ra5 Rc1 46.Rxa6+ Ke7 47.Kc5 Kd7 48.Ra7+ Kc8 49.Kb5 Kb8 50.Rh7 Rg1
51.c5 Rb1 52.Ka5 Rg1 53.Kb6 Rg6+  1-0

[Event "2nd Bundesliga West 2005-6"]
[Site "Austria AUT"]
[Date "2006.01.22"]
[Round "8"]
[White "Fuchs,G"]
[Black "Pilz,D"]
[Result "1/2-1/2"]
[WhiteElo "2242"]
[BlackElo "2333"]

1.e4 c5 2.Nf3 Nc6 3.Nc3 g6 4.h4 h5 5.d4 cxd4 6.Nxd4 Bg7 7.Be3 Nf6 8.f3 d5
9.Bb5 Bd7 10.exd5 Nb4  1/2-1/2

[Event "2nd Bundesliga West 2005-6"]
[Site "Austria AUT"]
[Date "2006.01.22"]
[Round "8"]
[White "Neuschmied,S"]
[Black "Peterwagner,H"]
[Result "1-0"]
[WhiteElo "2251"]
[BlackElo "2216"]

1.e4 c5 2.Nc3 Nc6 3.Bb5 g6 4.Bxc6 bxc6 5.d3 Bg7 6.f4 Rb8 7.Nf3 Nf6 8.O-O O-O
9.Rb1 Qa5 10.Bd2 c4 11.Nd5 Qxa2 12.Nxe7+ Kh8 13.Nxc8 Rfxc8 14.Bc3 cxd3 15.Qxd3 Qe6
16.Ng5 Qe7 17.Be5 Ra8 18.Bd6 Qe8 19.e5 Nd5 20.c4 Ne7 21.f5 f6 22.exf6 Bxf6
23.Ne4 Bh4 24.Be5+ Kg8 25.Nd6 Qd8 26.f6  1-0

[Event "TCh-HUN 2005-6"]
[Site "Hungary HUN"]
[Date "2006.01.22"]
[Round "6"]
[White "Madl,I"]
[Black "Domany,Z"]
[Result "1/2-1/2"]
[WhiteElo "2387"]
[BlackElo "2181"]

1.e4 c5 2.Nf3 Nc6 3.Nc3 e5 4.Bc4 d6 5.d3 Be7 6.Nd2 Nf6 7.Nf1 O-O 8.Ne3 Nd4
9.O-O Be6 10.a4 Rc8 11.Bd2 Kh8 12.Kh1 Ng8 13.Ncd5 Bg5 14.c3 Nc6 15.g3 Nce7
16.f4 exf4 17.gxf4 Bh6 18.f5 Nxd5 19.Nxd5 Bxd5 20.Bxd5 Bxd2 21.Qxd2 b6 22.Rg1 Qf6
23.Rg3 Ne7 24.Bb3 g6 25.Qh6 Ng8 26.Qf4 gxf5 27.exf5 Ne7 28.Re1 Rg8 29.Rf1  1/2-1/2

[Event "GM"]
[Site "Marianske Lazne CZE"]
[Date "2006.01.22"]
[Round "2"]
[White "Neelotpal,D"]
[Black "Kersten,U"]
[Result "1-0"]
[WhiteElo "2512"]
[BlackElo "2316"]

1.e4 c5 2.Nc3 Nc6 3.Nf3 g6 4.Bb5 Bg7 5.O-O a6 6.Bxc6 dxc6 7.h3 e5 8.d3 Qe7
9.Be3 Nf6 10.Qd2 Nd7 11.Bh6 O-O 12.Bxg7 Kxg7 13.Nh2 b6 14.Nd1 Ra7 15.Ne3 f6
16.Nhg4 Nb8 17.f4 Bxg4 18.Nxg4 Nd7 19.Rf2 h5 20.Ne3 exf4 21.Rxf4 Ne5 22.Raf1 Qd6
23.Rh4 Rh8 24.Qf2 Rf7 25.Kh1 Rh7 26.Rf4 Rh8 27.b4 Rd8 28.bxc5 bxc5 29.Qg3 Kf8
30.Qe1 Kg7 31.Qa5 Rdd7 32.Qe1 Qe6 33.Qf2 Rd6 34.a4 Qe7 35.a5 Qd8 36.Qg3 Kf8
37.Qe1 Rd4 38.Qc3 Qd6 39.R4f2 Kg7 40.Rb1 c4 41.Nd5 Qc5 42.Nf4 Re7 43.Rb7 Kf7
44.Rxe7+ Kxe7 45.Rd2 Rd7 46.d4 Qd6 47.Qg3 Qb4 48.c3 Qb1+ 49.Kh2 g5 50.Nxh5 Qxe4
51.Nxf6 Kxf6 52.dxe5+ Qxe5 53.Qxe5+  1-0

[Event "GM"]
[Site "Marianske Lazne CZE"]
[Date "2006.01.22"]
[Round "2"]
[White "Petr,Ma"]
[Black "Stehno,P"]
[Result "1-0"]
[WhiteElo "2416"]
[BlackElo "2310"]

1.e4 c5 2.Nf3 Nc6 3.Nc3 Nf6 4.Bb5 Qc7 5.O-O Nd4 6.Ba4 a6 7.d3 Ng4 8.g3 Nxf3+
9.Qxf3 Ne5 10.Qe2 e6 11.f4 Nc6 12.f5 Nd4 13.Qh5 b5 14.Bb3 c4 15.dxc4 Bc5
16.Kg2 b4 17.fxe6 dxe6 18.Ba4+ Kf8 19.Bf4 Qa7 20.Nd1 b3 21.axb3 Nxc2 22.Rc1 Nb4
23.Rc3 Kg8 24.Ne3 Bb7 25.Nd5 Nxd5 26.cxd5 g6 27.Qf3 f5 28.Bd7 exd5 29.Be6+ Kf8
30.exd5 Re8 31.Bh6+ Ke7 32.b4 Bd6 33.Bg5+ Kf8 34.Bh6+ Ke7 35.Bg7 Rhf8 36.Re1 Kd8
37.Bxf8 Rxf8 38.Qe3 Qxe3 39.Rexe3 Bxb4 40.Rc4 a5 41.g4 f4 42.Rh3 h6 43.Kf3 Rf6
44.Kf2 Ba6 45.Rc6 Bb7 46.Rc2 g5 47.Rd3 Ba6 48.Rd1 Bb7 49.Bf5 Rd6 50.Be4 Rd7
51.Bf3 Rd6 52.Kg2 Rb6 53.Rd4 Bd6 54.Rdd2 Rb5 55.Rc4 Rb3 56.Re4 Bc8 57.Bd1 Rb6
58.h3 Bc5 59.Ba4 Be3 60.Re8+  1-0

[Event "II Open del Mercantil"]
[Site "Sevilla ESP"]
[Date "2006.01.22"]
[Round "3"]
[White "Fernandez Romero,Ern"]
[Black "Perez Garcia,R"]
[Result "1-0"]
[WhiteElo "2460"]
[BlackElo "2180"]

1.e4 c5 2.Nc3 Nc6 3.Nge2 d6 4.d4 cxd4 5.Nxd4 e5 6.Nde2 Nf6 7.g3 Be7 8.Bg2 O-O
9.O-O Be6 10.Nd5 Rc8 11.Nec3 Bxd5 12.Nxd5 Nxd5 13.exd5 Nb8 14.c3 f5 15.a4 a5
16.f4 Qb6+ 17.Kh1 e4 18.Ra3 Nd7 19.Rb3 Qa7 20.Rb5 b6 21.Be3 Bd8 22.g4 g6
23.gxf5 gxf5 24.Rg1 Kh8 25.Bh3 Nc5 26.Bxf5  1-0

[Event "IM"]
[Site "Marianske Lazne CZE"]
[Date "2006.01.23"]
[Round "3"]
[White "Marholev,D"]
[Black "Nilssen,J"]
[Result "1-0"]
[WhiteElo "2427"]
[BlackElo "2356"]

1.e4 c5 2.Nc3 Nc6 3.Bb5 g6 4.Bxc6 dxc6 5.d3 Bg7 6.Be3 b6 7.Qd2 e5 8.f4 exf4
9.Bxf4 Qh4+ 10.g3 Qe7 11.Nf3 Nf6 12.Bh6 O-O 13.h3 Nd7 14.Bxg7 Kxg7 15.O-O-O Ne5
16.Rdf1 f6 17.g4 Nxf3 18.Rxf3 Qe5 19.Rhf1 Be6 20.Qf4 Rfd8 21.Ne2 Bc8 22.Ng1 Qxf4+
23.Rxf4 Re8 24.Ne2 Re5 25.Ng3 Rg5 26.R1f3 h5 27.gxh5 Bxh3 28.hxg6 Kxg6 29.Rh4 Bd7
30.Kd2 Bg4 31.Rf2 Bd7 32.Ne2 Rg8 33.Nf4+ Kf7 34.Rh7+ R8g7 35.Rh6 Ke7 36.Nh5 Rg2
37.Ke3 Rxf2 38.Kxf2 Rf7 39.Ke3 Be6 40.b3 a5 41.Rh8 Kd6 42.Kf4 a4 43.c4 axb3
44.axb3 b5 45.Rd8+ Kc7 46.Ra8 bxc4 47.bxc4 Kd6 48.Rh8 Kc7 49.Rh6 Bd7 50.Ke3 Bc8
51.Ng3 Bd7 52.Rh5 Kd6 53.e5+ fxe5 54.Ne4+ Kc7 55.Rxe5 Rh7 56.Nxc5 Bc8 57.Kd4 Kb6
58.Na4+ Kc7 59.Kc5 Rf7 60.Re3 Rf5+ 61.Kb4 Rh5 62.Re7+ Kd6 63.Rg7 Bf5 64.d4 Rh4
65.Rg5 Bh7 66.c5+ Ke7 67.Rg7+ Ke6 68.Kc4 Be4 69.Nc3 Bh1 70.Kd3 Rh3+ 71.Kd2 Rh4
72.Rg6+ Kd7 73.Rd6+ Kc7 74.Ke2 Rh3 75.Na4 Rb3 76.Rh6 Bf3+ 77.Kf2 Be4 78.Rh4 Bd5
79.Nb6 Rxb6 80.cxb6+ Kxb6 81.Rh5 Be4 82.Rc5 Bh1 83.Ke3 Bg2 84.Kf4 Kc7 85.Rg5 Bd5
86.Ke5 Bf3 87.Rg7+ Kb6 88.Rg3 Bd5 89.Kd6 Kb5 90.Rc3 Kb6 91.Rc2 Kb5 92.Rc5+ Kb6
93.Rxd5  1-0

[Event "IM"]
[Site "Marianske Lazne CZE"]
[Date "2006.01.24"]
[Round "4"]
[White "Pribyl,Jo"]
[Black "Nilssen,J"]
[Result "1/2-1/2"]
[WhiteElo "2426"]
[BlackElo "2356"]

1.e4 c5 2.Nf3 Nc6 3.Nc3 g6 4.Bb5 Bg7 5.O-O e5 6.Bxc6 dxc6 7.d3 Qe7 8.Be3 Nf6
9.a4 a5 10.Qc1 h6 11.b3 b6 12.Nb1 Nh5 13.Nbd2 Rb8 14.Nc4 Bg4 15.Nfd2 Nf4
16.Kh1 g5 17.f3 Be6 18.Qe1 h5 19.Qf2 Qd8 20.Rfd1 h4 21.Nf1 Rb7 22.Bd2  1/2-1/2

[Event "GM"]
[Site "Marianske Lazne CZE"]
[Date "2006.01.24"]
[Round "4"]
[White "Neelotpal,D"]
[Black "Simacek,P"]
[Result "0-1"]
[WhiteElo "2512"]
[BlackElo "2480"]

1.e4 c5 2.Nc3 Nc6 3.Nf3 e5 4.Bc4 Be7 5.d3 d6 6.O-O h6 7.Ne1 Nf6 8.f4 exf4
9.Bxf4 O-O 10.Nf3 Be6 11.Nd5 Bxd5 12.exd5 Nb4 13.Bd2 Nbxd5 14.Nh4 Nb6 15.Nf5 d5
16.Bxh6 gxh6 17.Qd2 Ne8 18.Nxh6+ Kh7 19.Nxf7 Rxf7 20.Rxf7+ Kg8 21.Rf3 dxc4
22.Qh6 Ng7 23.Rh3 Qd4+ 24.Kh1 Rf8 25.Re1 Bf6 26.Qh7+ Kf7 27.Rh6 Qg4 28.Rf1 Nd7
29.dxc4 Qe2 30.Rb1 Ne5 31.h3 Ke7 32.b3 Rf7 33.Qg8 Bg5  0-1

[Event "GM"]
[Site "Marianske Lazne CZE"]
[Date "2006.01.24"]
[Round "4"]
[White "Petr,Ma"]
[Black "Voloshin,L"]
[Result "1-0"]
[WhiteElo "2416"]
[BlackElo "2466"]

1.e4 c5 2.Nf3 Nc6 3.Nc3 g6 4.d4 cxd4 5.Nxd4 Bg7 6.Be3 d6 7.Qd2 Nf6 8.f3 O-O
9.Bc4 Bd7 10.O-O-O Rc8 11.Bb3 Nxd4 12.Bxd4 b5 13.h4 a5 14.h5 a4 15.Bxf6 exf6
16.Bd5 b4 17.Ne2 b3 18.axb3 axb3 19.Bxb3 Ra8 20.Kb1 Qb6 21.hxg6 hxg6 22.Nc1 Qa7
23.c3 Rfb8 24.Kc2 Rb6 25.Bd5 Rab8 26.b3 f5 27.Qg5 Qa1 28.Rd3 Bc6 29.Rh8+ Kxh8
30.Bxf7 Bf8 31.Qf6+ Bg7 32.Qh4+  1-0

[Event "Winter Open"]
[Site "Belgrade SCG"]
[Date "2006.01.25"]
[Round "5"]
[White "Klasan,V"]
[Black "Jovanovic,Zo1 SCG"]
[Result "0-1"]
[WhiteElo "2202"]
[BlackElo "2291"]

1.e4 c5 2.Nf3 Nc6 3.Nc3 d6 4.d4 cxd4 5.Nxd4 Nf6 6.g3 g6 7.Nde2 Bd7 8.Bg2 Qc8
9.O-O Bh3 10.Nd5 Nxd5 11.exd5 Ne5 12.f4 Bxg2 13.Kxg2 Ng4 14.Qd3 Bg7 15.c4 h5
16.h3 Nh6 17.Nd4 Nf5 18.Nxf5 Qxf5 19.Qxf5 gxf5 20.Be3 b6 21.Rab1 Rc8 22.b3 Kd7
23.Rbd1 Rhg8 24.h4 Bf6 25.Kh3 Rc7 26.a4 Rb7 27.Rf2 Bc3 28.Rd3 Be1 29.Re2 Bb4
30.Kg2 Rc8 31.Kf3 a6 32.Ra2 Rbb8 33.Ke2 Kc7 34.Bd4 Kb7 35.Re3 Rc7 36.Kd3 Rd8
37.Rae2 Rdd7 38.Rf3 Bc5 39.Bc3 a5 40.Bd4 Kc8 41.Rf1 Rd8 42.Rfe1 Rdd7 43.Rf1 Ra7
44.Rfe1 Kd8 45.Bc3 Ke8 46.Bg7 Rab7 47.Rf1 Kd8 48.Bc3 Ra7 49.Rfe1 Bb4 50.Bxb4 axb4
51.Ra1 Ke8 52.Rea2 Ra5 53.Re2 Kf8 54.Rae1 Raa7 55.Ke3 Kg7 56.Kd3 Rdc7 57.Kd4 Kf6
58.Re3 Rc8 59.R1e2 Rg8 60.Rf3 Rg6 61.Ke3 Rg8 62.Kd4 e6 63.dxe6 fxe6 64.Ke3 Rc7  0-1

[Event "Gibtelecom Masters"]
[Site "Gibraltar ENG"]
[Date "2006.01.25"]
[Round "2"]
[White "Speck,N"]
[Black "Helin,M"]
[Result "1-0"]
[WhiteElo "2371"]
[BlackElo "1970"]

1.e4 c5 2.Nc3 Nc6 3.Nf3 a6 4.d4 cxd4 5.Nxd4 e6 6.Nxc6 bxc6 7.Bd3 Qc7 8.O-O Nf6
9.Qf3 Bd6 10.Qh3 h5 11.f4 Ng4 12.e5 Bc5+ 13.Kh1 d5 14.exd6 Bxd6 15.Ne4 Be7
16.Bd2 Bb7 17.f5 O-O-O 18.fxe6 f6 19.b4 Rd5 20.Bf4 Qb6 21.c4 Rd4 22.c5 Qxb4
23.Rab1 Rxe4 24.Rxb4 Rxb4 25.Bd6 Bxd6 26.cxd6 Rd4 27.Qg3 Kb8 28.d7+ Ka8 29.Bxa6 Bxa6
30.Qa3 Kb7 31.Qb2+ Kc7 32.Qxd4 Bxf1 33.e7  1-0